[Event "P-3632"]
[Site "IECC email"]
[Date "2004.02.25"]
[Round "?"]
[White "Paas, Christian"]
[Black "Munro, Don"]
[Result "1/2-1/2"]
[WhiteElo "1463"]
[BlackElo "1206"]
[PlyCount "88"]
[EventDate "2004.??.??"]
[EventType "tourn (corr)"]
[SourceTitle "Corr 2020"]
[Source "ChessBase"]
[SourceDate "2019.09.30"]
[SourceVersion "1"]
[SourceVersionDate "2019.09.30"]
[SourceQuality "1"]
[WhiteTeam "Germany"]
[BlackTeam "Canada"]
[WhiteTeamCountry "GER"]
[BlackTeamCountry "CAN"]

1. d4 d5 2. Nc3 Nf6 3. Bf4 Bf5 4. e3 e6 5. g3 Bb4 6. Nge2 0-0 7. Bg2 Nc6 8. 0-0 Nh5 9. a3 Be7 10. Bf3 Nxf4 11. Nxf4 Bd6 12. Nce2 Qg5 13. h4 Qh6 14. Bg2 Na5 15. Nc3 Nc4 16. Qe2 Nxb2 17. Rfb1 Nc4 18. e4 Bxf4 19. gxf4 Bg6 20. exd5 Nd6 21. dxe6 fxe6 22. Bxb7 Rab8 23. Bg2 Rxb1+ 24. Rxb1 Qxf4 25. d5 e5 26. Nb5 Rb8 27. Rb4 Qc1+ 28. Qf1 Qxf1+ 29. Bxf1 a5 30. Rb2 Kf8 31. c4 Nf5 32. Re2 Nd4 33. Re3 Rb7 34. a4 Bc2 35. Bg2 Bxa4 36. d6 Nxb5 37. Bxb7 Nxd6 38. Bd5 Bc2 39. Re2 Bb3 40. c5 Bxd5 41. Rxe5 Bf7 42. cxd6 cxd6 43. Rxa5 h6 44. f4 Ke7 1/2-1/2

[Event "IECC CL7-2004.01 email"]
[Site "IECC email"]
[Date "2004.01.12"]
[Round "?"]
[White "Munro, Don"]
[Black "Nicolaescu, Nicolae"]
[Result "1/2-1/2"]
[WhiteElo "1209"]
[BlackElo "1161"]
[PlyCount "64"]
[EventDate "2004.??.??"]
[EventType "tourn (corr)"]
[EventRounds "4"]
[SourceTitle "Corr 2008"]
[Source "ChessBase"]
[SourceDate "2008.06.24"]
[SourceVersion "1"]
[SourceVersionDate "2008.06.24"]
[SourceQuality "1"]

1. e4 c5 2. Nf3 d6 3. Bb5+ Nc6 4. Bxc6+ bxc6 5. 0-0 e5 6. c3 Nf6 7. d4 Nxe4 8. Re1 f5 9. dxe5 d5 10. Qa4 Qb6 11. c4 Qa6 12. Qxa6 Bxa6 13. Nh4 g6 14. f3 Be7 15. fxe4 Bxh4 16. g3 Bd8 17. cxd5 fxe4 18. d6 Bd3 19. Nc3 Ba5 20. e6 Bxc3 21. bxc3 Rd8 22. Bf4 g5 23. Be5 Rg8 24. e7 Rb8 25. g4 Kd7 26. Re3 Rg6 27. Rd1 Re6 28. Bg3 c4 29. h3 Rb2 30. a4 a6 31. Ra1 Rf6 32. Be5 Re6 1/2-1/2